000
00335nam a2200133Ia 4500
008
220204s9999 xx 000 0 und d
082
_a
631(213.5)
_b
WEB
100
_a
WEBSTER, C C
245
0
_a
Agriculture in the tropics
260
_a
London
_b
Longman
_c
1966
650
_a
Tropical agriculture
700
_a
WILSON, P N
942
_c
BK
999
_c
21137
_d
21137